Normal view
MARC view
Entry Nome pessoal
001 - NÚMERO DE CONTROLE
- campo de controle: 192
003 - IDENTIFICADOR DO NÚMERO DE CONTROLE
- campo de controle: Br
005 - DATA E HORÁRIO DA ÚLTIMA TRANSAÇÃO
- campo de controle: 20250123134029.0
008 - CAMPO DE DADOS FIXOS
- campo de controle de tamanho fixo: a a
035 ## - NÚMERO DE CONTROLE DO SISTEMA
- Número de Controle do Sistema: 2002100711392376med
040 ## - FONTE DA CATALOGAÇÃO
- Instituição da catalogação original: OSt
100 1# - CABEÇALHO--NOME PESSOAL
- Nome pessoal: Bukowski, Charles,
- Datas associadas ao nome: 1920-1994
400 1# - REMISSIVA VER--NOME PESSOAL
- Nome pessoal: Bukowski, Heinrich Karl
- Datas associadas ao nome: 1920-1994
400 1# - REMISSIVA VER--NOME PESSOAL
- Nome pessoal: Bukowski, Henry Charles
- Datas associadas ao nome: 1920-1994
670 ## - FONTE POSITIVA DOS DADOS
- Citação da fonte positiva dos dados: Autor de: Cartas na rua. 1983.
670 ## - FONTE POSITIVA DOS DADOS
- Citação da fonte positiva dos dados: Seu: Ao sul de lugar nenhum... 2008
- Dados encontrados na fonte localizada no subcampo: (orelha: nasceu na Alemanha, estudou Jornalismo e Literatura)
670 ## - FONTE POSITIVA DOS DADOS
- Citação da fonte positiva dos dados: http://catalogue.bnf.fr
- Dados encontrados na fonte localizada no subcampo: (romancista e poeta; D.)
670 ## - FONTE POSITIVA DOS DADOS
- Citação da fonte positiva dos dados: http://authorities.loc.gov 23/10/2013
- Dados encontrados na fonte localizada no subcampo: (D., rem.)
670 ## - FONTE POSITIVA DOS DADOS
- Citação da fonte positiva dos dados: http://d-nb.info/gnd/11851735X/about/html
- Dados encontrados na fonte localizada no subcampo: (D., rems.)